Spectification error in multinomial logit models (Registro nro. 26332)

Detalles MARC
000 -LEADER
fixed length control field 00334 a2200109 4500
001 - CONTROL NUMBER
control field ART_12403
005 - DATE AND TIME OF LATEST TRANSACTION
control field 20260410161906.0
008 - FIXED-LENGTH DATA ELEMENTS--GENERAL INFORMATION
fixed length control field 260409a
100 1# - MAIN ENTRY--PERSONAL NAME
Personal name Lee, Lung-Fei
245 10 - TITLE STATEMENT
Title Spectification error in multinomial logit models
773 0# - HOST ITEM ENTRY
Title Journal of econometrics
Related parts - Vol. 20, Nº 2 (nov. 1982)
Record control number REV11720

No hay ítems disponibles.